The unknown Hsüan-tsang / (Record no. 171759)
[ view plain ]
| 000 -LEADER | |
|---|---|
| fixed length control field | 00743nam a22002297a 4500 |
| 005 - DATE AND TIME OF LATEST TRANSACTION | |
| control field | 20200120130329.0 |
| 010 ## - LCCN (DPL NO) | |
| LC control number | B-225942 |
| 020 ## - INTERNATIONAL STANDARD BOOK NUMBER | |
| Terms of availability | 245.00 |
| International Standard Book Number | 0195683498 |
| 035 ## - SYSTEM CONTROL NUMBER | |
| System control number | B-225942 |
| 037 ## - SOURCE OF ACQUISITION | |
| Source of stock number/acquisition | Cen Lib/Ret |
| 082 ## - DEWEY DECIMAL CLASSIFICATION NUMBER | |
| Classification number | 954.01 |
| Item number | UNK |
| 100 ## - MAIN ENTRY--PERSONAL NAME | |
| Personal name | Ahuti,D.Dev |
| 245 ## - TITLE STATEMENT | |
| Title | The unknown Hsüan-tsang / |
| Statement of responsibility, etc | edited by D.Dev Ahuti |
| 260 ## - PUBLICATION, DISTRIBUTION, ETC. (IMPRINT) | |
| Name of publisher, distributor, etc | Oxford University Press |
| Date of publication, distribution, etc | 2006 |
| Place of publication, distribution, etc | New Delhi |
| 270 ## - ADDRESS | |
| Address | YMCA Library Building, Jai Singh Road |
| City | New Delhi |
| Postal code | 110001 |
| 300 ## - PHYSICAL DESCRIPTION | |
| Extent | xxix,184p. : |
| Dimensions | 20cm(pbk) |
| Other physical details | ill. |
| 500 ## - GENERAL NOTE | |
| General note | Includes bibliographical references and index |
| 650 ## - SUBJECT ADDED ENTRY--TOPICAL TERM | |
| Topical term or geographic name as entry element | Buddhist priests -- China -- Biography |
| 650 ## - SUBJECT ADDED ENTRY--TOPICAL TERM | |
| Topical term or geographic name as entry element | Buddhist priests |
| 700 ## - ADDED ENTRY--PERSONAL NAME | |
| Personal name | Devahuti, D. |
| 9 (RLIN) | 27541 |
| 942 ## - ADDED ENTRY ELEMENTS (KOHA) | |
| Source of classification or shelving scheme | Dewey Decimal Classification |
| Item type | English Books |
| Classification part | 954.01 |
| Call number suffix | UNK |
| Withdrawn status | Lost status | Not for loan | Collection code | Home library | Current library | Date acquired | Cost, normal purchase price | Full call number | Barcode | Cost, replacement price | Koha item type |
|---|---|---|---|---|---|---|---|---|---|---|---|
| Non-fiction | Sarojini Nagar | Sarojini Nagar | 20/01/2020 | 245.00 | 954.01 UNK | B-225942 | 245.00 | English Books |
